Community organization and social administration : (Record no. 8995)
[ view plain ]
| 000 -LEADER | |
|---|---|
| fixed length control field | 01096pam a2200277 a 4500 |
| 001 - CONTROL NUMBER | |
| control field | 3922063 |
| 005 - DATE AND TIME OF LATEST TRANSACTION | |
| control field | 20260312183538.0 |
| 008 - FIXED-LENGTH DATA ELEMENTS--GENERAL INFORMATION | |
| fixed length control field | 920226s1993 nyua b 001 0 eng |
| 020 ## - INTERNATIONAL STANDARD BOOK NUMBER | |
| International Standard Book Number | 1560242574 |
| Qualifying information | acid-free paper |
| 020 ## - INTERNATIONAL STANDARD BOOK NUMBER | |
| International Standard Book Number | 1560242779 |
| Qualifying information | pbk. : acid-free paper |
| 020 ## - INTERNATIONAL STANDARD BOOK NUMBER | |
| International Standard Book Number | 9781560242574 |
| Qualifying information | (acid-free paper) |
| 020 ## - INTERNATIONAL STANDARD BOOK NUMBER | |
| International Standard Book Number | 9781560242772 |
| Qualifying information | (pbk. : acid-free paper) |
| 050 00 - LIBRARY OF CONGRESS CALL NUMBER | |
| Classification number | HN90.C6 |
| Item number | C6625 1993 |
| 082 00 - DEWEY DECIMAL CLASSIFICATION NUMBER | |
| Classification number | 307.1/4/0973 |
| Edition information | 20 |
| 245 00 - TITLE STATEMENT | |
| Title | Community organization and social administration : |
| Remainder of title | advances, trends, and emerging principles / |
| Statement of responsibility, etc. | Terry Mizrahi, John Morrison, editors. |
| 260 ## - PUBLICATION, DISTRIBUTION, ETC. | |
| Place of publication, distribution, etc. | New York : |
| Name of publisher, distributor, etc. | Haworth Press, |
| Date of publication, distribution, etc. | c1993. |
| 300 ## - PHYSICAL DESCRIPTION | |
| Extent | 251 p. : |
| Other physical details | ill. ; |
| Dimensions | 23 cm. |
| 500 ## - GENERAL NOTE | |
| General note | "Supplement #4 to Administration in social work." |
| 650 #0 - SUBJECT ADDED ENTRY--TOPICAL TERM | |
| Topical term or geographic name entry element | Community development |
| Geographic subdivision | United States. |
| 650 #0 - SUBJECT ADDED ENTRY--TOPICAL TERM | |
| Topical term or geographic name entry element | Social work administration |
| Geographic subdivision | United States. |
| 650 #0 - SUBJECT ADDED ENTRY--TOPICAL TERM | |
| Topical term or geographic name entry element | Community organization |
| Geographic subdivision | United States. |
| 700 1# - ADDED ENTRY--PERSONAL NAME | |
| Personal name | Mizrahi, Terry. |
| 700 1# - ADDED ENTRY--PERSONAL NAME | |
| Personal name | Morrison, John D. |
| 856 42 - ELECTRONIC LOCATION AND ACCESS | |
| Materials specified | Publisher description |
| Uniform Resource Identifier | <a href="http://www.loc.gov/catdir/enhancements/fy0810/92008960-d.html">http://www.loc.gov/catdir/enhancements/fy0810/92008960-d.html</a> |
| 942 ## - ADDED ENTRY ELEMENTS (KOHA) | |
| Source of classification or shelving scheme | Library of Congress Classification |
| Koha item type | Books |
| Suppress in OPAC | No |
| 999 ## - | |
| -- | 8995 |
| -- | 8995 |
| Withdrawn status | Lost status | Source of classification or shelving scheme | Damaged status | Not for loan | Collection | Home library | Current library | Shelving location | Date acquired | Total checkouts | Full call number | Barcode | Date last seen | Copy number | Price effective from | Koha item type |
|---|---|---|---|---|---|---|---|---|---|---|---|---|---|---|---|---|
| Library of Congress Classification | Non-fiction | Business Library (Miotso) | Business Library (Miotso) | General stacks | 03/11/2026 | HN90.C6 C6625 1993 | BSSM00002676 | 03/12/2026 | 1 | 03/11/2026 | Books | |||||
| Library of Congress Classification | Non-fiction | Business Library (Miotso) | Business Library (Miotso) | General stacks | 03/11/2026 | HN90.C6 C6625 1993 | BSSM00002677 | 03/12/2026 | 2 | 03/11/2026 | Books | |||||
| Library of Congress Classification | Non-fiction | Business Library (Miotso) | Business Library (Miotso) | General stacks | 03/11/2026 | HN90.C6 C6625 1993 | BSSM00002678 | 03/12/2026 | 3 | 03/11/2026 | Books | |||||
| Library of Congress Classification | Non-fiction | Business Library (Miotso) | Business Library (Miotso) | General stacks | 03/11/2026 | HN90.C6 C6625 1993 | BSSM00002679 | 03/12/2026 | 4 | 03/11/2026 | Books | |||||
| Library of Congress Classification | Non-fiction | Business Library (Miotso) | Business Library (Miotso) | General stacks | 03/11/2026 | HN90.C6 C6625 1993 | BSSM00002680 | 03/12/2026 | 5 | 03/11/2026 | Books |